Los viajes de gulliver /

Guardado en:
Autor Principal: Swift, Jonathan(1667-1745)
Formato: Libro
Publicado: Madrid : Club Internacional del Libro, 1999
Materias:
Etiquetas: Agregar Etiqueta
Sin Etiquetas, Sea el primero en etiquetar este registro!
LEADER 00604nam a22002175a 4500
001 CEM.cems016931
005 20121122151359.0
008 130507s1999##################000#0#####d
003 CEMS
020 |a 8482652079 
082 0 4 |a 823.5 
100 1 |a Swift, Jonathan(1667-1745) 
245 1 0 |a Los viajes de gulliver /  |c Jonathan Swift, 
260 |a Madrid :  |b Club Internacional del Libro,  |c 1999 
300 |a 350 p. 
653 |a Novela inglesa 
653 |a Novela 
653 |a Literatura juvenil 
653 |a Literatura 
653 |a Narrativa 
859 |a CEMS  |b BIB. CEMS - Agricultura  |h 823.5  |i Sw54  |p A0166.00  |t Ej.1